000 01781nam0a2200409 4500
001 RU\NLR\bibl\1816063
005 20260408160713.0
010 _a978-5-7944-1508-7
_9300
021 _aRU
_b2011-67019
_94723
035 _a(NLR Aleph) 001806648
035 _a(nilc)RSL-KNO-004998319
035 _a(LIBNET)LIBNET\0000125332
090 _a1814739
_c1814739
100 _a20110427d2010 k y0rusy50 ca
101 0 _arus
102 _aRU
105 _ay |||||||||
200 1 _aТеория вопроса в криминалистической практике
_eмонография
_fК.В. Иванова
_gМ-во образования и науки Рос. Федерации, Гос. образоват. учреждение высш. проф. образования "Перм. гос. ун-т"
210 _aПермь
_cПермский государственный университет
_d2010
215 _a92 с.
_d21
320 _aБиблиогр.: с. 89-92 (75 назв.) и в подстроч. прим.
606 1 _aДопрос
_xТактика
_91008391
_3RU\NLR\auth\66383537
606 _aВопрос (лог.)
_3RU\NLR\auth\66239741
_91332965
686 _aХ629.425,0
_2rubbk
686 _aХ629.425
686 _aЮ42
700 1 _4070
_8rus
_7ca
_aИванова
_bК. В.
_cфилософ
_gКсения Валерьевна
_3RU\NLR\auth\77108786
_991711
801 0 _aRU
_bПермская ГОУБ
_c20110427
_grcr
801 1 _aRU
_bПермская ГОУБ
_c20110427
801 1 _aRU
_bRuMoRGB
_c20110427
801 2 _aRU
_bNLR
_c20111005
_grcr
830 _aавт. по кн.
942 _cBOOK
980 _aNB